Datum a čas kvízu
37
Celkem bodů
Celkový počet nahraných bodů na tomto kvízu bez doplňovacích otázek.
3.
Pořadí na kvízu
Konečné umístění týmu na tomto kvízu.
Zaznamenané odpovědi
| # | Otázka | Odpověď | Body | Výsledky |
|---|---|---|---|---|
| 1. | V sobotu začala v celé České r... | Suchej únor | 1 | |
| 2. | Velká Británie minulý týden de... | po 47 letech (42–52) | 1 | |
| 3. | Letošní ceny Grammy ovládla ml... | Billie Eilish | 1 | |
| 4. | Internetovým světem hýbe skand... | Avast | 1 | |
| 5. | Reprezentační útočník Michael... | Bruggy | 1 | |
| 6. | Co všechno může být ztracené?... | Jantarová komnata | 1 | |
| 7. | Vzpomenete si na seriál Ztrace... | lední medvěd | 1 | |
| 8. | "Ne každé zlato třpytívá se, n... | Bilbo Pytlík | 0 | |
| 9. | Jak se jmenuje rozsáhlá epická... | Ztracený ráj (Paradise Lost) | 0 | |
| 10. | Dodnes nebyla uspokojivě vysvě... | na území Ruska | 0 |